00469nam a2200157Ia 4500008004100000020000700041082001200048100002800060245008200088250000700170260004600177300002900223500001900252600002000271650002000291240925s9999 xx 000 0 und d aNA a330 PAK aPakistan, State Bank of 0aAnnual Report 2017-18: the state of Pakistan's economy statistical supplement aNA aPakistan:bState Bank of Pakistanc,2017. axxxi, 268p.b0fOriginal aIncludes Index aSocial Sciences aSocial Sciences